000
00346nam a2200133Ia 4500
008
231129s9999||||xx |||||||||||||| ||spa||
020
_a
84-8280-427-8
040
_b
spa
082
_a
Co863 S231m
100
_a
Santamaria German
245
0
_a
Morir de ultimo
264
_a
La Oveja Negra
942
_2
ddc
_c
BKS
999
_c
21405
_d
21405